000 00659nam a2200253Ia 4500
003 LK-CoDNM
005 20240927124659.0
008 010623t1939 xxu||||| |||| 00| 1 sin d
040 _aLK-CoDNM
_dLK-CoDNM
_eLK-CoDNM
041 _asin
080 _a24
_bH43
100 _aWeerawardhana, M.S.
245 _aජාතක මුතුහර
246 _aJaathaka Muthuhara
260 _bP.K.Don Pawlis
_aKetawalamulla
_c1939
300 _b107p. ; 22 cm
650 _aAstrology
650 _aPoetry
650 _aජාතක මුතුහර
650 _aJaathaka Muthuhara
650 _aWeerawardhana, M.S.
650 _a24 H43
942 _cBK
999 _c99325
_d99325